000 00694nam a2200193 a 4500
008 120416s1974 ||||||||||||||||| || u
020 _a0904014037
050 _aDT 8691 Mac
100 _aMcMaster, Carolyn
245 1 0 _aMalawi-foreign policy and development
260 _aLondon
_bJulian Friedmann Publishers Ltd
_c1974
300 _ax 246 p.
350 _a0.00
500 _aBibliography.
650 _aMALAWI--ECONOMIC POLICY
650 _aMALAWI--FOREIGN RELATIONS
650 _aMALAWI--FOREIN ECONOMIC RATIONS
995 _D0.00
_FCBU-MAIN LIBRARY (Kitwe)
_H1
_I4.25
_M1
_UAVAILABLE
_WSep 25, 2006
_ZAnnex Low-Usage Collection
999 _c49776
_d49776